| 000 | 00523cam a2200193ua 4500 | ||
|---|---|---|---|
| 001 | 896 | ||
| 005 | 20260515113235.0 | ||
| 008 | 110423n ii |||gr||||Z||||||asm | ||
| 040 | _cMAIN | ||
| 082 | _a322.4454162 | ||
| 245 | 1 |
_aBharatar swadhinata andolan aru asam _cby Indrani Boruah |
|
| 250 | _a1st. | ||
| 260 |
_aGuwahati: _bPurbanchal prokashan,989. |
||
| 300 | _a222p.:0cm. | ||
| 653 | _aPolitical science | ||
| 653 | _aBharatvarsar swadhinata andolan aru asam | ||
| 700 |
_aBoruah, Indrani., _eAuthor. |
||
| 942 | _cBK | ||
| 999 |
_c819 _d819 |
||